书目信息 |
| 题名: |
就爱漂来漂去
|
|
| 作者: | 章琳 著 | |
| 分册: | ||
| 出版信息: | 北京 中国社会科学出版社 2004 |
|
| 页数: | 237页 | |
| 开本: | 21cm | |
| 丛书名: | 异乡的女人系列 | |
| 单 册: | ||
| 中图分类: | I267.4 | |
| 科图分类: | ||
| 主题词: | 游记--作品集--中国--当代 | |
| 电子资源: | ||
| ISBN: | 7-5004-3962-8 | |
| 000 | 01112nam0 2200325 450 | |
| 000 | 01075nam0 2200313 450 | |
| 000 | 01072nam0 2200325 450 | |
| 000 | 01018nam0 2200301 450 | |
| 000 | 01014nam0 2200289 450 | |
| 000 | 00977nam0 2200277 45 | |
| 001 | TS-030842 | |
| 005 | 20061221102144.68 | |
| 010 | @a7-5004-3962-8@dCNY23.80 | |
| 100 | @a20060829d2004 em y0chiy0110 ea | |
| 101 | 0 | @achi |
| 102 | @aCN@b110000 | |
| 105 | @aa z 000cy | |
| 200 | 1 | @a就爱漂来漂去@Ajiu ai piao lai piao qu@f章琳著@FZhang Lin Zhu |
| 210 | @a北京@c中国社会科学出版社@d2004 | |
| 215 | @a237页@c图@d21cm | |
| 225 | 2 | @a异乡的女人系列 |
| 330 | @a本书讲述了一个女人通过经历世界来探索自我的故事,这是一个心灵经历痛苦成长的故事,也是一个女人寻找真正爱情的故事。 | |
| 410 | 0 | @1001002587789@12001 @a异乡的女人系列 |
| 606 | 0 | @a游记@x作品集@x中国@y当代 |
| 690 | @aI267.4@v4 | |
| 701 | 0 | @a章琳@Azhang lin@c(女,@f1973~)@4著 |
| 801 | 0 | @aCN@b中图数据@c20061221 |
| 905 | @a10447@dI267.4@e1102 | |
| 就爱漂来漂去/章琳著.-北京:中国社会科学出版社,2004 |
| 237页:图;21cm.-(异乡的女人系列) |
| ISBN 7-5004-3962-8:CNY23.80 |
| 本书讲述了一个女人通过经历世界来探索自我的故事,这是一个心灵经历痛苦成长的故事,也是一个女人寻找真正爱情的故事。 |
| ● |
| 相关链接 |
|
|
|
|
正题名:就爱漂来漂去
索取号:I267.4/1102
 
预约/预借
| 序号 | 登录号 | 条形码 | 馆藏地/架位号 | 状态 | 备注 |
| 1 | 0619437 | 206194376 | 第一样本阅览室/ [索取号:I267.4/1102] | 在馆 | |
| 2 | 0619438 | 206194385 | 第二借阅区/ [索取号:I267.4/1102] | 在馆 | |
| 3 | 0619439 | 206194394 | 第二借阅区/ [索取号:I267.4/1102] | 在馆 |